Financial Accounting for Management : an Analytical Perspective (Record no. 622)

MARC details
000 -LEADER
Fixed length control field 00497nam a2200169 4500
003 - CONTROL NUMBER IDENTIFIER
Control field SEACOMMC
005 - DATE AND TIME OF LATEST TRANSACTION
Control field 20250419140816.0
008 - FIXED-LENGTH DATA ELEMENTS--GENERAL INFORMATION
Fixed length control field 241003b |||||||| |||| 00| 0 eng d
020 ## - INTERNATIONAL STANDARD BOOK NUMBER / ISBN
International Standard Book Number 978-81-3172-285-5.
Price Rs.325.00
040 ## - CATALOGING SOURCE
Original cataloging agency SEACOMMC
082 ## - DEWEY DECIMAL CLASSIFICATION NUMBER
Classification number 657.48
Book Number G 977
100 ## - MAIN ENTRY--PERSONAL NAME
Personal name Gupta, Ambrish
245 1# - TITLE STATEMENT
Title Financial Accounting for Management : an Analytical Perspective
Statement of responsibility Ambrish Gupta.
260 ## - IMPRINT
Place of publication Singapore
Name of publisher Pearson Education
Date of publication 2005
650 ## - SUBJECT ADDED ENTRY--TOPICAL TERM
Topical term Financial Accounting
942 ## - ADDED ENTRY ELEMENTS (KOHA)
Koha item type Books
Holdings
Withdrawn status Lost status Source of classification Damaged status Not for loan Home library Current library Date acquired Total Checkouts Call number Accession number Date last seen Price effective from Koha item type
    Dewey Decimal Classification     SEACOM MANAGEMENT COLLEGE SEACOM MANAGEMENT COLLEGE 04/10/2007   657.48 G 977 M-390 03/10/2024 03/10/2024 Books
© Seacom Engineering College, All rights reserved.    Powered by Koha